Evaluación inicial de riesgo en la PYME Calzado Darling ubicada en el departamento de Masaya

El presente estudio es una evaluación inicial de riesgos laborales realizado en la empresa Calzado Darling, a través de esta investigación se logró identificar y evaluar las condiciones de la empresa que podrían ocasionar daños a la salud de los trabajadores. Se consideró como base fundamenta...

Full description

Bibliographic Details
Main Authors: González, Ramsés Omar, Medina Navarro, Sheyla Dayanna,, Navarro Zamora, Zenelia Izayana,
Other Authors: Tutor: Boza Castro, Freddy Fernando
Format: Tesis Section = Libro
Language:Undetermined
Spanish
Published: Managua UNI 2022
Subjects:
LEADER 01316nam a2200289Ia 4500
008 240830s9999 xx 000 0 und d
040 |a BIBLIOTECA-RUPAP/ Mon 363.11 G643 
041 |a spa 
082 |a Mon 363.11 G643 
100 1 |a González, Ramsés Omar 
100 1 |b  Medina Navarro, Sheyla Dayanna, 
100 1 |c  Navarro Zamora, Zenelia Izayana, 
245 1 0 |a Evaluación inicial de riesgo en la PYME Calzado Darling ubicada en el departamento de Masaya 
260 |a Managua  |b UNI  |c 2022 
300 |a 124 p. :il. 
500 |a Contiene: anexos y CD. 
502 |a Tesis (Ingeniero Industrial) - UNI, 2022. 
520 3 |a El presente estudio es una evaluación inicial de riesgos laborales realizado en la empresa Calzado Darling, a través de esta investigación se logró identificar y evaluar las condiciones de la empresa que podrían ocasionar daños a la salud de los trabajadores. Se consideró como base fundamental La Ley General de Higiene y Seguridad Laboral, Ley 618 y el Código del Trabajo, Ley 185. 
650 7 |a  EVALUACION DE RIESGOS 
650 7 |b  SEGURIDAD INDUSTRIAL 
650 7 |c  SEGURIDAD OCUPACIONAL 
650 7 |d  RIESGO LABORAL 
650 7 |e  ACCIDENTES LABORALES 
700 1 |a Tutor:  |b Boza Castro, Freddy Fernando 
942 |c BK  |2 ddc 
991 |a Tesis 
999 |c 27574